00343pab a2200109 454500008004000000100002500040245008800065260000900153300001000162650001800172773004300190180718b1987 xxu||||| |||| 00| 0 eng d aRao, K.R. and others aDisease patterns and drug demand in India - by the year 2000 A.D.bA special report c1987 a16-62 aDrugs - India aIndian Review of Management and Future